| 000 | 00457nam a2200121Ia 4500 | ||
|---|---|---|---|
| 008 | 220620s9999||||xx |||||||||||||| ||und|| | ||
| 100 | _aPlecháÄ, Petr||Å eļa, Artjoms | ||
| 245 | 0 | _aVersification and Authorship Attribution | |
| 546 | _aEnglish[eng] | ||
| 650 | _acontemporary stylometry||stylometry||machine learning||versification||authorship||literary criticism||statistics | ||
| 856 | _uhttp://hdl.handle.net/20.500.11956/170156 | ||
| 942 | _cEB | ||
| 999 |
_c23413 _d23413 |
||